[Event "CRO-chT"]
[Site "Porec"]
[Date "1998.09.14"]
[Round "8"]
[White "Bocina, Marija"]
[Black "Rosandic, Albina"]
[Result "1/2-1/2"]
[WhiteElo "2010"]
[BlackElo "2145"]
[PlyCount "95"]
[EventDate "1998.09.??"]
[EventType "team-tourn"]
[EventRounds "9"]
[EventCountry "CRO"]
[SourceTitle "EXT 1999"]
[Source "ChessBase"]
[SourceDate "1998.11.16"]
[SourceVersion "1"]
[SourceVersionDate "1998.11.16"]
[SourceQuality "1"]

1. e4 e6 2. d4 d5 3. exd5 exd5 4. Bd3 Nc6 5. c3 Bd6 6. Qf3 Be6 7. Ne2 Qd7 8. h3 Nge7 9. Bf4 Ng6 10. Bxd6 Qxd6 11. g3 0-0-0 12. Nd2 Nce7 13. 0-0-0 Kb8 14. Nb3 b6 15. Kb1 h5 16. h4 f5 17. Rde1 Rdf8 18. Qg2 Bc8 19. f4 Ng8 20. Ng1 Nf6 21. Nf3 Ne4 22. Ne5 a5 23. Rc1 Bb7 24. Rhg1 a4 25. Nd2 Nxe5 26. dxe5 Qe7 27. Qe2 Rd8 28. Nf3 g6 29. Ba6 Rhe8 30. Bb5 c6 31. Bxa4 Kc7 32. Bb3 c5 33. Nd2 Qd7 34. Nxe4 dxe4 35. Rgd1 Qc6 36. Rxd8 Rxd8 37. Rd1 Rxd1+ 38. Qxd1 c4 39. Bc2 b5 40. Qd4 Bc8 41. Kc1 Bb7 42. Bd1 Bc8 43. Be2 Be6 44. Kd2 Kb7 45. Ke3 Kc7 46. Qa7+ Kc8 47. Qd4 Kc7 48. Qa7+ 1/2-1/2

[Event "CRO-ch (Women)"]
[Site "Pula"]
[Date "1998.01.16"]
[Round "6"]
[White "Dokmanovic, Nina"]
[Black "Rosandic, Albina"]
[Result "1/2-1/2"]
[WhiteElo "2100"]
[BlackElo "2175"]
[PlyCount "147"]
[EventDate "1998.01.10"]
[EventType "tourn"]
[EventRounds "9"]
[EventCountry "CRO"]
[SourceTitle "CBM 063 Extra"]
[Source "ChessBase"]
[SourceDate "1998.04.29"]
[SourceVersion "1"]
[SourceVersionDate "1998.04.29"]
[SourceQuality "1"]

1. e4 e6 2. d4 d5 3. Nd2 c5 4. exd5 Qxd5 5. Ngf3 cxd4 6. Bc4 Qd6 7. 0-0 Nf6 8. Nb3 Nc6 9. Nfxd4 Nxd4 10. Nxd4 a6 11. a4 Qc7 12. Bb3 Bd6 13. h3 0-0 14. Re1 b6 15. Bg5 Bh2+ 16. Kh1 Be5 17. c3 h6 18. Be3 Bb7 19. Qe2 Nd5 20. Bc2 Bf4 21. Bd2 Bxd2 22. Qxd2 Nf4 23. Be4 e5 24. Nf5 Bxe4 25. Rxe4 Rad8 26. Qc2 f6 27. Ree1 Qb7 28. f3 Rd7 29. Rad1 Rfd8 30. Ne3 Rd3 31. Rxd3 Rxd3 32. Kg1 b5 33. axb5 axb5 34. Qb3+ Kh7 35. Qc2 g6 36. Kf1 h5 37. Nd1 Qd7 38. Nf2 Rd2 39. Qb3 g5 40. Rd1 Rxd1+ 41. Qxd1 Qc6 42. Qb3 Nd5 43. Ne4 Kg6 44. Qa3 Ne3+ 45. Kf2 Nc4 46. Qf8 Qe6 47. b3 Nb6 48. Qc5 f5 49. Ng3 Nd5 50. Ne2 Qb6 51. Qxb6+ Nxb6 52. Ke3 h4 53. Kd3 Kf6 54. c4 bxc4+ 55. bxc4 Ke6 56. Nc1 Kd6 57. Nb3 Nd7 58. Kc3 Nf6 59. Kb4 g4 60. fxg4 fxg4 61. c5+ Kd5 62. Kb5 gxh3 63. gxh3 e4 64. c6 Ne8 65. Kb6 e3 66. Nc1 Ke4 67. c7 Nxc7 68. Kxc7 Kf3 69. Kd6 Kg3 70. Ke5 Kxh3 71. Ke4 Kg2 72. Kxe3 h3 73. Nd3 h2 74. Nf2 1/2-1/2

[Event "Zadar op (Women)"]
[Site "Zadar"]
[Date "1997.??.??"]
[Round "4"]
[White "Medic, Mirjana"]
[Black "Rosandic, Albina"]
[Result "1/2-1/2"]
[WhiteElo "2260"]
[BlackElo "2170"]
[PlyCount "136"]
[EventDate "1997.12.??"]
[EventType "swiss"]
[EventRounds "9"]
[EventCountry "CRO"]
[SourceTitle "EXT 1999"]
[Source "ChessBase"]
[SourceDate "1998.11.16"]
[SourceVersion "1"]
[SourceVersionDate "1998.11.16"]
[SourceQuality "1"]

1. Nf3 Nc6 2. g3 e5 3. d3 d5 4. Bg2 Be7 5. 0-0 Bg4 6. h3 Be6 7. c3 Qd7 8. Kh2 h6 9. Nbd2 Nf6 10. Qc2 a5 11. e4 dxe4 12. dxe4 0-0 13. Re1 Rfd8 14. Bf1 Bd6 15. Nc4 Qe7 16. Nxd6 Rxd6 17. b3 Rdd8 18. a4 Nd7 19. Ba3 Qf6 20. Re3 b6 21. Rd1 g5 22. Kg2 Nf8 23. Rxd8 Rxd8 24. Bb5 Na7 25. Be2 c5 26. Bb2 Ng6 27. Ba6 h5 28. Bb7 g4 29. hxg4 hxg4 30. Ne1 Kg7 31. c4 Rh8 32. Nd3 Qg5 33. Bd5 Bd7 34. Kg1 Nc6 35. Re1 Nd4 36. Bxd4 exd4 37. Kf1 Ne5 38. Ke2 Nxd3 39. Qxd3 Rh2 40. Rf1 Qf6 41. Ke1 Qg5 42. Qd2 Qxd2+ 43. Kxd2 f6 44. Ke2 Kg6 45. Re1 Rh5 46. Kf1 Re5 47. Kg2 Kg5 48. Rh1 f5 49. exf5 Bxf5 50. Rh8 Bc2 51. f4+ gxf3+ 52. Bxf3 Bxb3 53. Rh5+ Kf6 54. Rh6+ Kg7 55. Rxb6 Bxc4 56. Kf2 Bd5 57. Bxd5 Rxd5 58. Ke2 c4 59. Rc6 c3 60. Kd3 Kf7 61. g4 Ke7 62. g5 Kd7 63. Rf6 Rxg5 64. Kxd4 c2 65. Rf1 Rg4+ 66. Kd3 Rxa4 67. Kxc2 Kc6 68. Kb3 Rb4+ 1/2-1/2

[Event "CRO-chT (Women)"]
[Site "Medulin"]
[Date "1997.??.??"]
[Round "?"]
[White "Poljak, Srebrenka"]
[Black "Rosandic, Albina"]
[Result "1/2-1/2"]
[WhiteElo "2035"]
[BlackElo "2170"]
[PlyCount "33"]
[EventDate "1997.??.??"]
[EventType "team-tourn"]
[EventRounds "9"]
[EventCountry "CRO"]
[SourceTitle "EXT 2000"]
[Source "ChessBase"]
[SourceDate "1999.11.16"]
[SourceVersion "1"]
[SourceVersionDate "1999.11.16"]
[SourceQuality "1"]

1. e4 e6 2. d4 d5 3. e5 c5 4. c3 Nc6 5. Nf3 Bd7 6. Be2 Nge7 7. Na3 cxd4 8. cxd4 Nf5 9. Nc2 Nb4 10. Ne3 Rc8 11. 0-0 Qb6 12. a3 Nc6 13. Nxf5 exf5 14. b4 h6 15. Bb2 Be7 16. Bd3 Be6 17. Qb1 1/2-1/2

[Event "CRO-Cup (Women)"]
[Site "Pula"]
[Date "1997.??.??"]
[Round "?"]
[White "Rosandic, Albina"]
[Black "Poljak, Srebrenka"]
[Result "1/2-1/2"]
[WhiteElo "2170"]
[BlackElo "2035"]
[PlyCount "109"]
[EventDate "1997.??.??"]
[EventType "team-tourn"]
[EventRounds "5"]
[EventCountry "CRO"]
[SourceTitle "EXT 1998"]
[Source "ChessBase"]
[SourceDate "1997.11.17"]
[SourceVersion "1"]
[SourceVersionDate "1997.11.17"]
[SourceQuality "1"]

1. e4 c5 2. Nf3 e6 3. d4 cxd4 4. Nxd4 Nf6 5. Nc3 d6 6. g3 Nc6 7. Bg2 Bd7 8. 0-0 Be7 9. a4 a6 10. Nxc6 Bxc6 11. a5 0-0 12. Be3 Nd7 13. Na4 Rc8 14. Nb6 Nxb6 15. Bxb6 Qd7 16. c4 Bd8 17. Be3 Bf6 18. Rb1 Bd8 19. b4 Ba4 20. Qd3 Bf6 21. Rfc1 Rc7 22. Bb6 Rcc8 23. f4 e5 24. f5 Rc6 25. Qa3 Rcc8 26. Ra1 Bg5 27. Rc3 Bc6 28. Qb2 g6 29. g4 gxf5 30. gxf5 f6 31. Rd1 Ba4 32. Rdd3 Qf7 33. Rxd6 Rxc4 34. Bc5 Rxc3 35. Qxc3 Qa2 36. Qd3 Rf7 37. Bf3 Bf4 38. Rd8+ Kg7 39. Qe2 Qb1+ 40. Kg2 Bb5 41. Qf2 h6 42. Rd1 Qb3 43. Bh5 Rd7 44. Rxd7+ Bxd7 45. Qe2 Kh7 46. Qd1 Qxd1 47. Bxd1 Bc6 48. Bc2 h5 49. h3 Kh6 50. Bd3 Kg7 51. Kf3 Bd2 52. Ke2 Bc3 53. Bc2 Bb5+ 54. Bd3 Bc6 55. Ke3 1/2-1/2

[Event "CRO-chT (Women)"]
[Site "Medulin"]
[Date "1997.??.??"]
[Round "?"]
[White "Rosandic, Albina"]
[Black "Zelic, Marina"]
[Result "1-0"]
[WhiteElo "2170"]
[BlackElo "2015"]
[PlyCount "53"]
[EventDate "1997.??.??"]
[EventType "team-tourn"]
[EventRounds "9"]
[EventCountry "CRO"]
[SourceTitle "EXT 2000"]
[Source "ChessBase"]
[SourceDate "1999.11.16"]
[SourceVersion "1"]
[SourceVersionDate "1999.11.16"]
[SourceQuality "1"]

1. e4 c5 2. Nf3 Nc6 3. d4 cxd4 4. Nxd4 Nf6 5. Nc3 d6 6. g3 e5 7. Nde2 Be6 8. Bg2 Be7 9. 0-0 0-0 10. h3 Qd7 11. Kh2 Bc4 12. b3 Ba6 13. Be3 Rac8 14. Qd2 Nb4 15. Rfc1 b6 16. Nd5 Nc6 17. c4 Na5 18. Nec3 Nb7 19. Nb4 Nc5 20. Bxc5 bxc5 21. Nxa6 Qb7 22. Nxc5 Rxc5 23. Rab1 Qb4 24. Qb2 Rb8 25. Nb5 Rcxb5 26. cxb5 Nxe4 27. Rc4 1-0

[Event "CRO-chT (Women)"]
[Site "Medulin"]
[Date "1997.??.??"]
[Round "?"]
[White "Safundzic, Marijana"]
[Black "Rosandic, Albina"]
[Result "1/2-1/2"]
[WhiteElo "2020"]
[BlackElo "2170"]
[PlyCount "35"]
[EventDate "1997.??.??"]
[EventType "team-tourn"]
[EventRounds "9"]
[EventCountry "CRO"]
[SourceTitle "EXT 2000"]
[Source "ChessBase"]
[SourceDate "1999.11.16"]
[SourceVersion "1"]
[SourceVersionDate "1999.11.16"]
[SourceQuality "1"]

1. d4 Nf6 2. c3 g6 3. Bg5 Bg7 4. Nf3 d6 5. Nbd2 0-0 6. e3 Nbd7 7. Be2 h6 8. Bh4 Qe8 9. 0-0 c6 10. Re1 e5 11. dxe5 Nxe5 12. Bxf6 Bxf6 13. Ne4 Nxf3+ 14. Bxf3 Be5 15. Nxd6 Qe7 16. Nxc8 Raxc8 17. Qa4 b5 18. Qc2 1/2-1/2

[Event "CRO-chT (Women)"]
[Site "Medulin"]
[Date "1997.??.??"]
[Round "?"]
[White "Stadler, Brigita"]
[Black "Rosandic, Albina"]
[Result "0-1"]
[WhiteElo "2075"]
[BlackElo "2170"]
[PlyCount "84"]
[EventDate "1997.??.??"]
[EventType "team-tourn"]
[EventRounds "9"]
[EventCountry "CRO"]
[SourceTitle "EXT 2000"]
[Source "ChessBase"]
[SourceDate "1999.11.16"]
[SourceVersion "1"]
[SourceVersionDate "1999.11.16"]
[SourceQuality "1"]

1. e4 e6 2. d4 d5 3. Nc3 Bb4 4. e5 c5 5. a3 Bxc3+ 6. bxc3 Ne7 7. Nf3 Nbc6 8. a4 Qa5 9. Bd2 Bd7 10. Bb5 f6 11. exf6 gxf6 12. 0-0 0-0-0 13. c4 Qc7 14. cxd5 Nxd5 15. c3 Rhg8 16. Re1 Nf4 17. Bxf4 Qxf4 18. Bd3 Qc7 19. Re4 e5 20. Rh4 f5 21. dxe5 Nxe5 22. Nxe5 Qxe5 23. Qf3 Rg7 24. Rb1 Be6 25. Bc4 Bd5 26. Bxd5 Qxd5 27. Qxd5 Rxd5 28. g3 Rd3 29. Rc4 b6 30. a5 Kc7 31. Ra4 Kc6 32. axb6 axb6 33. c4 Rc3 34. Re1 f4 35. Kg2 Rg6 36. h4 fxg3 37. Re3 gxf2+ 38. Kxf2 Rxe3 39. Kxe3 Rg4 40. Kd3 Rxh4 41. Ra8 Rh3+ 42. Ke4 Rc3 0-1

[Event "Tapolca (Women)"]
[Site "Budapest"]
[Date "1996.??.??"]
[Round "2"]
[White "Borriss, Claudia"]
[Black "Rosandic, Albina"]
[Result "1/2-1/2"]
[WhiteElo "2105"]
[BlackElo "2215"]
[PlyCount "50"]
[EventDate "1996.??.??"]
[EventType "tourn"]
[EventRounds "11"]
[EventCountry "HUN"]
[SourceTitle "EXT 1999"]
[Source "ChessBase"]
[SourceDate "1998.11.16"]
[SourceVersion "1"]
[SourceVersionDate "1998.11.16"]
[SourceQuality "1"]

1. d4 Nf6 2. Nf3 g6 3. g3 Bg7 4. Bg2 0-0 5. 0-0 d6 6. c4 c5 7. d5 Na6 8. Nc3 Nc7 9. Nd2 a6 10. a4 Rb8 11. a5 b5 12. axb6 Rxb6 13. e4 e6 14. Na4 Rb4 15. e5 Nfe8 16. exd6 Nxd6 17. Nxc5 Nxc4 18. Nd3 Nxd2 19. Nxb4 Nxf1 20. Bxf1 Nxd5 21. Nxd5 Qxd5 22. Qxd5 exd5 23. Bxa6 Be6 24. Bd3 Be5 25. Rb1 Rb8 1/2-1/2

[Event "CRO-chT"]
[Site "Tucepi"]
[Date "1996.??.??"]
[Round "?"]
[White "Krivec, Jana"]
[Black "Rosandic, Albina"]
[Result "0-1"]
[WhiteElo "2080"]
[BlackElo "2215"]
[PlyCount "74"]
[EventDate "1996.??.??"]
[EventType "team-tourn"]
[EventRounds "9"]
[EventCountry "CRO"]
[SourceTitle "EXT 1998"]
[Source "ChessBase"]
[SourceDate "1997.11.17"]
[SourceVersion "1"]
[SourceVersionDate "1997.11.17"]
[SourceQuality "1"]

1. e4 e6 2. d4 d5 3. e5 c5 4. c3 Nc6 5. Nf3 Bd7 6. Be2 Nge7 7. Na3 cxd4 8. cxd4 Nf5 9. Nc2 Qb6 10. 0-0 Nb4 11. Nxb4 Bxb4 12. Kh1 Bb5 13. g4 Nh6 14. Bxb5+ Qxb5 15. Bxh6 gxh6 16. Qb3 a6 17. a3 Be7 18. Qxb5+ axb5 19. Rac1 Kd7 20. Rc3 Rhc8 21. Rfc1 Rc4 22. Kg2 Rac8 23. Rxc4 bxc4 24. Rc3 Rg8 25. Kh3 b5 26. b4 h5 27. gxh5 f5 28. Rc1 Bd8 29. Rg1 Rxg1 30. Nxg1 c3 31. Ne2 c2 32. Kg3 Bb6 33. Kf4 Bxd4 34. Kg5 Bxe5 35. Kh6 c1Q+ 36. Nxc1 Bf4+ 37. Kg7 Bxc1 0-1

[Event "Tapolca (Women)"]
[Site "Budapest"]
[Date "1996.??.??"]
[Round "3"]
[White "Rosandic, Albina"]
[Black "Kiss, Judit"]
[Result "0-1"]
[WhiteElo "2215"]
[BlackElo "2115"]
[PlyCount "106"]
[EventDate "1996.??.??"]
[EventType "tourn"]
[EventRounds "11"]
[EventCountry "HUN"]
[SourceTitle "EXT 1999"]
[Source "ChessBase"]
[SourceDate "1998.11.16"]
[SourceVersion "1"]
[SourceVersionDate "1998.11.16"]
[SourceQuality "1"]

1. e4 e6 2. d4 d5 3. Nd2 Nf6 4. e5 Ne4 5. Nxe4 dxe4 6. Be3 c5 7. Bc4 Nc6 8. c3 cxd4 9. cxd4 Bb4+ 10. Kf1 0-0 11. Ne2 Na5 12. Bb3 Bd7 13. Ng3 Bc6 14. Qg4 Kh8 15. h4 Nxb3 16. axb3 Qd5 17. h5 f5 18. exf6 Rxf6 19. Kg1 Raf8 20. h6 Rg6 21. hxg7+ Rxg7 22. Qh5 Rfg8 23. Qxd5 Bxd5 24. Bf4 e3 25. Be5 e2 26. Nxe2 Bxg2 27. Rh2 Bf3+ 28. Ng3 Rc8 29. Rh6 Bd5 30. Kh2 Rc2 31. Rf1 Kg8 32. Bxg7 Kxg7 33. Rh4 Rxb2 34. Nh5+ Kf7 35. Nf4 Bd6 36. Kg1 Bxb3 37. Nd3 Rd2 38. Ne5+ Kg7 39. Rg4+ Kf6 40. Rf4+ Kg5 41. Rf7 Bd5 42. Nf3+ Bxf3 43. Rxf3 Rxd4 44. Rb1 b6 45. Rf7 Bc5 46. Rxa7 Rd2 47. Rf7 Kg6 48. Rf3 e5 49. Re1 Bd4 50. Rc1 e4 51. Rg3+ Kf5 52. Rg2 e3 53. Rb1 e2 0-1

[Event "Zadar op"]
[Site "Zadar"]
[Date "1996.??.??"]
[Round "?"]
[White "Sale, Srdjan"]
[Black "Rosandic, Albina"]
[Result "1/2-1/2"]
[WhiteElo "2440"]
[BlackElo "2215"]
[PlyCount "93"]
[EventDate "1996.12.??"]
[EventType "swiss"]
[EventRounds "9"]
[EventCountry "CRO"]
[SourceTitle "EXT 1999"]
[Source "ChessBase"]
[SourceDate "1998.11.16"]
[SourceVersion "1"]
[SourceVersionDate "1998.11.16"]
[SourceQuality "1"]

1. c4 Nf6 2. Nc3 g6 3. e4 d6 4. d4 Bg7 5. Bg5 h6 6. Bh4 0-0 7. f4 c5 8. d5 Qa5 9. Bd3 e6 10. Nge2 exd5 11. cxd5 Re8 12. 0-0 c4 13. Bc2 Ng4 14. Qc1 f5 15. Kh1 Bd7 16. h3 Nf6 17. Bxf6 Bxf6 18. exf5 gxf5 19. Qb1 Bxc3 20. Nxc3 Rf8 21. Qd1 Qd8 22. Qh5 Qf6 23. Rae1 Na6 24. Rf3 Rf7 25. g4 Nc5 26. gxf5 Bxf5 27. Rg3+ Kh7 28. Bxf5+ Qxf5 29. Qxf5+ Rxf5 30. Re7+ Kh8 31. Rg6 Rd8 32. Rxh6+ Kg8 33. Kg2 a6 34. Kg3 b5 35. a3 Nd3 36. Ne4 Nxb2 37. Ng5 c3 38. Ne6 Rf7 39. Rxf7 Kxf7 40. Nd4 Rc8 41. Rxd6 c2 42. Nxc2 Rxc2 43. Rxa6 Rd2 44. Kg4 Nc4 45. Ra7+ Kf6 46. Ra6+ Kf7 47. Ra7+ 1/2-1/2

[Event "CRO-chT"]
[Site "Makarska Tucepi"]
[Date "1995.??.??"]
[Round "?"]
[White "Belamaric, Tanja"]
[Black "Rosandic, Albina"]
[Result "1/2-1/2"]
[WhiteElo "2180"]
[BlackElo "2170"]
[PlyCount "59"]
[EventDate "1995.??.??"]
[EventType "team-tourn"]
[EventRounds "8"]
[EventCountry "CRO"]
[SourceTitle "EXT 1997"]
[Source "ChessBase"]
[SourceDate "1996.11.15"]
[SourceVersion "1"]
[SourceVersionDate "1996.11.15"]
[SourceQuality "1"]

1. d4 d5 2. Nf3 Nf6 3. c4 e6 4. Nc3 Be7 5. Bf4 c6 6. e3 0-0 7. Qc2 h6 8. Bd3 dxc4 9. Bxc4 b5 10. Bd3 Bb7 11. 0-0 a6 12. h3 Nbd7 13. Ne4 Nxe4 14. Bxe4 Qb6 15. Ne5 Nxe5 16. Bxe5 Rac8 17. Qe2 f5 18. Bf3 c5 19. dxc5 Bxc5 20. Rfd1 Bxf3 21. Qxf3 Be7 22. Qg3 Bf6 23. Rd7 Bxe5 24. Qxe5 Rf6 25. Rad1 Rg6 26. g3 Rc5 27. Qf4 Rc4 28. Qe5 Re4 29. Qc7 Qxc7 30. Rxc7 1/2-1/2